00332nam a22000977a 4500008004100000082001600041100002500057245004900082260009400131300000900225230626b xxu||||| |||| 00| 0 eng d a333.38bBLU cSir Michael Blundell aAfrican Land Development in Kenyab1946-1962 aNairobi, KenyabThe Ministry of Agriculture, Animal Husbandry and Water Resources, c1962 a312p